Inflácia a jej vývoj vo vybraných ekonomikách bakalárska práca

Gespeichert in:
Bibliographische Detailangaben
1. Verfasser: Čiljaková, Riana
Körperschaft: Národohospodárska fakulta EU. Katedra hospodárskej politiky
Weitere Verfasser: Havettová, Miroslava
Format: Buch
Sprache:Slowakisch
Veröffentlicht: Bratislava 2013
Tags: Tag hinzufügen
Keine Tags, Fügen Sie das erste Tag hinzu!

MARC

LEADER 00000nbm a2200000 4500
001 0172509
005 20161109112057.5
041 0 |a slo 
044 |a SK 
245 1 0 |a Inflácia a jej vývoj vo vybraných ekonomikách  |b bakalárska práca  |c Riana Čiljaková ; školiteľ: Miroslava Luchava Havettová 
264 1 |a Bratislava  |c 2013 
300 |a 47 s. 
100 1 |a Čiljaková, Riana 
700 1 |a Havettová, Miroslava 
710 2 |a Národohospodárska fakulta EU. Katedra hospodárskej politiky